Westpatagonien. (Record no. 26279)

MARC details
000 -LEADER
fixed length control field 01014cam a22002291 4500
001 - CONTROL NUMBER
control field gs 23000326
003 - CONTROL NUMBER IDENTIFIER
control field DLC
005 - DATE AND TIME OF LATEST TRANSACTION
control field 20260227111328.0
008 - FIXED-LENGTH DATA ELEMENTS--GENERAL INFORMATION
fixed length control field 061114s1919 gw ab b 000 0 ger
010 ## - LIBRARY OF CONGRESS CONTROL NUMBER
LC control number gs 23000326
040 ## - CATALOGING SOURCE
Original cataloging agency DLC
Transcribing agency DLC
Modifying agency DLC
043 ## - GEOGRAPHIC AREA CODE
Geographic area code s-cl---
050 00 - LIBRARY OF CONGRESS CALL NUMBER
Classification number F2936
Item number .S82
100 1# - MAIN ENTRY--PERSONAL NAME
Personal name Steffen, Hans,
Dates associated with a name 1865-1936.
245 10 - TITLE STATEMENT
Title Westpatagonien.
Remainder of title Die patagonischen Kordilleren und ihre randgebiete. Auf eigene reisen gegründete landschaftsdarstellung, verbunden mit einem abriss der erforschungsgeschichte des gebiets,
Statement of responsibility, etc. von dr. Hans Steffen ... In 2 bänden. Hrsg. mit unterstützung der Gesellschaft für erdkunde zu Berlin aus mitteln der Henry Langestiftung.
260 ## - PUBLICATION, DISTRIBUTION, ETC.
Place of publication, distribution, etc. Berlin,
Name of publisher, distributor, etc. D. Riemer,
Date of publication, distribution, etc. 1919.
300 ## - PHYSICAL DESCRIPTION
Extent 2 v.
Other physical details illus., xxxII pl., 6 fold. col. maps.
Dimensions 26 cm.
500 ## - GENERAL NOTE
General note Maps folded in pocket.
504 ## - BIBLIOGRAPHY, ETC. NOTE
Bibliography, etc. note Bibliographical references throughtout.
651 #0 - SUBJECT ADDED ENTRY--GEOGRAPHIC NAME
Geographic name Patagonia (Argentina and Chile)
General subdivision Description and travel.
710 2# - ADDED ENTRY--CORPORATE NAME
Corporate name or jurisdiction name as entry element Gesellschaft für Erdkunde zu Berlin.

No items available.

Powered by Koha